| 000 | 00409nam a2200157Ia 4500 | ||
|---|---|---|---|
| 100 | _aSoro/Alessandro/ Vargiu/E | ||
| 650 | _aInformation retrievel | ||
| 942 | _cRB | ||
| 366 | _f25 | ||
| 654 | _ainformation retrievel mining | ||
| 245 | _aInformation retrievel and miningin distributed environments | ||
| 260 |
_bSpringer _c2010 |
||
| 082 |
_a5.74 _bSOR |
||
| 300 | _a286 | ||
| 546 |
_aENGLISH _celectronics |
||
| 999 |
_c32421 _d32421 |
||